[Event "World Corporate West A"]
[Site "Chess.com INT"]
[Date "2021.02.20"]
[Round "3.1"]
[White "Garcia Guerrero, Isaac Antonio"]
[Black "Uritzky, Maxim"]
[Result "1/2-1/2"]
[WhiteElo "2322"]
[BlackElo "2395"]
[PlyCount "93"]
[EventDate "2021.02.20"]
[EventType "team (rapid)"]
[EventRounds "7"]
[EventCountry "USA"]
[SourceTitle "CBM 200 Extra"]
[Source "ChessBase"]
[SourceDate "2021.03.31"]
[SourceVersion "1"]
[SourceVersionDate "2021.03.31"]
[SourceQuality "1"]
[WhiteTeam "Anahuac"]
[BlackTeam "Microsoft Redmond"]
[WhiteTeamCountry "MEX"]
[BlackTeamCountry "USA"]

1. d4 Nf6 2. Bg5 d5 3. e3 e6 4. Nd2 Be7 5. Bd3 c5 6. c3 cxd4 7. exd4 h6 8. Bh4 Qb6 9. Rb1 Nbd7 10. Ngf3 Bd6 11. Qe2 Qc7 12. 0-0 a6 13. Rbe1 Bf4 14. Bg3 b5 15. Ne5 Bxg3 16. hxg3 Nxe5 17. dxe5 Nd7 18. f4 Nc5 19. Bc2 Bb7 20. a3 0-0-0 21. Nf3 h5 22. Nd4 h4 23. Qg4 hxg3 24. Qxg3 g6 25. Kf2 Ne4+ 26. Bxe4 dxe4 27. Rh1 Qc4 28. Qe3 Qd5 29. Rd1 g5 30. Nf5 gxf4 31. Qxf4 Qc5+ 32. Nd4 Qc7 33. Ke3 Bd5 34. Rxh8 Rxh8 35. Rf1 Rg8 36. g4 Rg7 37. Rh1 Qc4 38. Rd1 Qa2 39. Qf2 Rxg4 40. Qxf7 Qxb2 41. Qf8+ Kb7 42. Qe7+ Kb6 43. Qd8+ Kb7 44. Qd7+ Kb6 45. Qd8+ Kb7 46. Qd7+ Kb6 47. Qd8+ 1/2-1/2

[Event "ISR-chT 0809"]
[Site "Israel"]
[Date "2009.05.22"]
[Round "11"]
[White "Livshits, Gaby"]
[Black "Uritzky, Maxim"]
[Result "1-0"]
[WhiteElo "2427"]
[BlackElo "2398"]
[PlyCount "89"]
[EventDate "2008.12.12"]
[EventType "team-tourn"]
[EventRounds "11"]
[EventCountry "ISR"]
[SourceTitle "EXT 2010"]
[Source "ChessBase"]
[SourceDate "2010.11.25"]
[SourceVersion "1"]
[SourceVersionDate "2010.11.25"]
[SourceQuality "1"]

1. e4 c5 2. Nc3 Nc6 3. Nge2 g6 4. d4 cxd4 5. Nxd4 Bg7 6. Be3 Nf6 7. Bc4 0-0 8. Bb3 Qa5 9. 0-0 d6 10. h3 Bd7 11. f4 Rac8 12. Qd3 Kh8 13. Rae1 Ng8 14. Nxc6 bxc6 15. Bd4 Qc7 16. Kh1 Rcd8 17. f5 Bc8 18. Bxg7+ Kxg7 19. Qc4 e6 20. fxe6 fxe6 21. Rxf8 Rxf8 22. Rd1 e5 23. Nb5 Qe7 24. Nxd6 Bg4 25. Rd2 Qg5 26. Qd3 Nh6 27. Kh2 Bh5 28. Qg3 Qf6 29. Nc4 Nf7 30. Rf2 Qe7 31. Ne3 Nd6 32. Rxf8 Kxf8 33. Qf2+ Kg7 34. g4 Nxe4 35. Qg2 Ng5 36. gxh5 e4 37. Qg3 Nf3+ 38. Kg2 Qd7 39. h6+ Kxh6 40. Qf4+ Kg7 41. Qxe4 Qxh3+ 42. Kf2 Ng5 43. Qf4 Kh6 44. c3 Qh1 45. Bd1 1-0

[Event "ISR-chT 08"]
[Site "Israel"]
[Date "2008.05.16"]
[Round "8.5"]
[White "Uritzky, Maxim"]
[Black "Porat, Daniel"]
[Result "1/2-1/2"]
[WhiteElo "2407"]
[BlackElo "2258"]
[PlyCount "105"]
[EventDate "2007.12.26"]
[EventType "team-tourn"]
[EventRounds "11"]
[EventCountry "ISR"]
[SourceTitle "EXT 2009"]
[Source "ChessBase"]
[SourceDate "2008.11.26"]
[SourceVersion "1"]
[SourceVersionDate "2008.11.26"]
[SourceQuality "1"]
[WhiteTeam "Tel Aviv Shlomo Har Zvi"]
[BlackTeam "Herzliya"]
[WhiteTeamCountry "ISR"]
[BlackTeamCountry "ISR"]

1. e4 e5 2. Nc3 Nf6 3. f4 d5 4. fxe5 Nxe4 5. Nf3 Be7 6. Qe2 Nxc3 7. bxc3 Nc6 8. d4 Qd7 9. Qf2 Na5 10. Bd3 Qc6 11. 0-0 Be6 12. a4 Nc4 13. Qg3 h6 14. Nh4 g6 15. Nf3 0-0-0 16. Nd2 h5 17. Re1 h4 18. Qf3 g5 19. Bxc4 dxc4 20. Qxc6 bxc6 21. Ne4 Bd5 22. Ba3 Bxa3 23. Rxa3 Bxe4 24. Rxe4 Rd5 25. Ra1 Kd7 26. Rf1 Ke7 27. Rf6 c5 28. Ra6 cxd4 29. cxd4 Rb8 30. Rxa7 Kd7 31. Ra6 Rb1+ 32. Kf2 Rb2 33. Re2 Rxd4 34. Ke3 Rf4 35. Rf6 Rxf6 36. exf6 Rb6 37. Kd4 Rxf6 38. Kxc4 Kc6 39. Kb4 Rf4+ 40. c4 Rf5 41. Rd2 f6 42. Re2 Kb6 43. Re6+ c6 44. Re2 g4 45. Re4 Rg5 46. Rf4 c5+ 47. Kb3 f5 48. Rf1 Ka5 49. Kc3 Rh5 50. Kb3 Rg5 51. Rf4 Ka6 52. Kc3 Ka5 53. Rf1 1/2-1/2

[Event "ISR-chT 08"]
[Site "Israel"]
[Date "2008.01.04"]
[Round "2.5"]
[White "Gesser, Bella"]
[Black "Uritzky, Maxim"]
[Result "0-1"]
[WhiteElo "2270"]
[BlackElo "2407"]
[PlyCount "130"]
[EventDate "2007.12.26"]
[EventType "team-tourn"]
[EventRounds "11"]
[EventCountry "ISR"]
[SourceTitle "EXT 2009"]
[Source "ChessBase"]
[SourceDate "2008.11.26"]
[SourceVersion "1"]
[SourceVersionDate "2008.11.26"]
[SourceQuality "1"]
[WhiteTeam "Petah Tikva Hapoel"]
[BlackTeam "Tel Aviv Shlomo Har Zvi"]
[WhiteTeamCountry "ISR"]
[BlackTeamCountry "ISR"]

1. d4 Nf6 2. c4 c5 3. d5 e6 4. Nc3 exd5 5. cxd5 d6 6. e4 g6 7. Bd3 Bg7 8. Nge2 0-0 9. 0-0 Na6 10. h3 Nc7 11. a4 a6 12. Ng3 Rb8 13. Qe2 Re8 14. Be3 Bd7 15. a5 Bb5 16. Nxb5 Nxb5 17. Bxb5 axb5 18. Qxb5 Nxe4 19. Ne2 Qf6 20. Rab1 Qe5 21. b4 Qxd5 22. bxc5 Nxc5 23. Rfd1 Qe5 24. Rd2 Ra8 25. Rbd1 Ne4 26. Rd5 Qe7 27. Rb1 Nxf2 28. Bxf2 Qxe2 29. Rxd6 Qa2 30. Qxb7 Rxa5 31. Rbd1 Rae5 32. R6d2 Qa5 33. Qb3 h5 34. Qa2 Qxa2 35. Rxa2 Rf5 36. Rc2 Bf6 37. Rcd2 h4 38. Rc2 Ra8 39. Rcd2 Ra4 40. Rc2 Kg7 41. Rcd2 Be5 42. Bd4 f6 43. Be3 g5 44. Bf2 Kg6 45. Rc2 Ra3 46. Rcd2 Bf4 47. Rb2 Rfa5 48. Rdb1 Be5 49. Rd2 Ra1 50. Rbd1 R5a2 51. Be1 Rxd2 52. Rxa1 Rxg2+ 53. Kxg2 Bxa1 54. Kf3 f5 55. Bb4 Kh5 56. Bd6 Bd4 57. Bc7 g4+ 58. hxg4+ fxg4+ 59. Kg2 Kg5 60. Bd6 Kf5 61. Bb4 h3+ 62. Kg3 Be5+ 63. Kf2 Ke4 64. Be1 g3+ 65. Kg1 Bd4+ 0-1

[Event "ISR-chT"]
[Site "Israel"]
[Date "2002.04.12"]
[Round "8"]
[White "Uritzky, Maxim"]
[Black "Bar, Roman"]
[Result "1/2-1/2"]
[WhiteElo "2418"]
[BlackElo "2418"]
[PlyCount "60"]
[EventDate "2002.01.10"]
[EventType "team"]
[EventRounds "11"]
[EventCountry "ISR"]
[SourceTitle "EXT 2003"]
[Source "ChessBase"]
[SourceDate "2002.11.25"]
[SourceVersion "1"]
[SourceVersionDate "2002.11.25"]
[SourceQuality "1"]

1. e4 c5 2. Nc3 Nc6 3. g3 g6 4. Bg2 Bg7 5. d3 d6 6. Be3 e5 7. h3 Nge7 8. f4 0-0 9. Nf3 Nd4 10. 0-0 Be6 11. Ng5 Bd7 12. g4 exf4 13. Bxf4 Nec6 14. Nf3 Nxf3+ 15. Qxf3 Be6 16. Kh1 Ne5 17. Qg3 Qb6 18. Nd1 Rad8 19. Bg5 Rd7 20. Qh4 f6 21. Be3 d5 22. exd5 Bxd5 23. Qg3 Qc6 24. Nc3 Bxg2+ 25. Qxg2 Qxg2+ 26. Kxg2 b6 27. a4 c4 28. d4 Nc6 29. Rad1 Rfd8 30. Nb5 Nb4 1/2-1/2

[Event "ISR-chT"]
[Site "Israel"]
[Date "2002.01.12"]
[Round "1"]
[White "Uritzky, Maxim"]
[Black "Postny, Evgeny"]
[Result "0-1"]
[WhiteElo "2418"]
[BlackElo "2491"]
[PlyCount "120"]
[EventDate "2002.01.10"]
[EventType "team"]
[EventRounds "11"]
[EventCountry "ISR"]
[SourceTitle "EXT 2003"]
[Source "ChessBase"]
[SourceDate "2002.11.25"]
[SourceVersion "1"]
[SourceVersionDate "2002.11.25"]
[SourceQuality "1"]

1. e4 g6 2. d4 Bg7 3. Nf3 d6 4. Be2 Nf6 5. Nc3 0-0 6. h3 c6 7. Bg5 Qc7 8. Qd2 Nbd7 9. a4 e5 10. dxe5 dxe5 11. Be3 Re8 12. 0-0-0 Bf8 13. Bc4 Nb6 14. Bb3 Be6 15. Ng5 Bxb3 16. cxb3 Nbd7 17. Kb1 Bc5 18. Qe2 Bxe3 19. Qxe3 b6 20. h4 h6 21. Nh3 h5 22. f3 Kg7 23. g4 Nc5 24. g5 Nfd7 25. f4 exf4 26. Nxf4 Nxb3 27. Rhf1 Ne5 28. Nce2 Nc5 29. Nd4 Rad8 30. b4 Nxa4 31. Nxh5+ gxh5 32. Qf4 Rxd4 33. Rxd4 Nc3+ 34. Kc2 Nb5 35. Rd2 Qe7 36. Qf6+ Kg8 37. Qxe7 Rxe7 38. Rf6 Rd7 39. Rxd7 Nxd7 40. Rf1 Ne5 41. Kb2 Kg7 42. Rf6 Nd4 43. Rf1 Ng6 44. Kc3 Nb5+ 45. Kc4 Nd6+ 46. Kd4 Nb5+ 47. Kc4 Nxh4 48. Rh1 Nf3 49. Rxh5 Nc7 50. Kd3 Ne6 51. Ke3 Nfxg5 52. Rh1 c5 53. bxc5 Nxc5 54. e5 Nge6 55. Rg1+ Kf8 56. Rh1 Ke7 57. Rh8 a5 58. Rb8 Nd7 59. Rb7 Kd8 60. Ra7 Nc7 0-1

[Event "Rishon Le Ziyyon 9798"]
[Site "Rishon Le Ziyyon"]
[Date "1997.12.31"]
[Round "7"]
[White "Uritzky, Maxim"]
[Black "Zalkind, Konstantin"]
[Result "0-1"]
[WhiteElo "2450"]
[BlackElo "2315"]
[PlyCount "66"]
[EventDate "1997.12.25"]
[EventType "swiss"]
[EventRounds "9"]
[EventCountry "ISR"]
[SourceTitle "CBM 062 Extra"]
[Source "ChessBase"]
[SourceDate "1998.03.09"]
[SourceVersion "1"]
[SourceVersionDate "1998.03.09"]
[SourceQuality "1"]

1. e4 c5 2. Nc3 Nc6 3. g3 g6 4. Bg2 Bg7 5. d3 d6 6. Be3 Rb8 7. Qd2 e6 8. Nge2 Nd4 9. Nd1 b5 10. Nc1 b4 11. c3 bxc3 12. bxc3 Nc6 13. 0-0 Nge7 14. Bh6 0-0 15. Bxg7 Kxg7 16. Ne3 Ba6 17. f4 f5 18. exf5 gxf5 19. Nb3 Qd7 20. Rfe1 Rfe8 21. Rad1 Qc7 22. Nc1 d5 23. Nb3 Na5 24. Rb1 Nb7 25. Nf1 Ng6 26. Qe3 Rbd8 27. Nfd2 e5 28. fxe5 Rxe5 29. Qf3 Qe7 30. Kf2 Re8 31. Red1 Re3 32. Qxd5 Rxd3 33. Re1 Rxd5 0-1

[Event "Rishon Le Ziyyon 9798"]
[Site "Rishon Le Ziyyon"]
[Date "1997.12.30"]
[Round "6"]
[White "Zilberman, Yaacov"]
[Black "Uritzky, Maxim"]
[Result "1-0"]
[WhiteElo "2560"]
[BlackElo "2450"]
[PlyCount "140"]
[EventDate "1997.12.25"]
[EventType "swiss"]
[EventRounds "9"]
[EventCountry "ISR"]
[SourceTitle "CBM 062 Extra"]
[Source "ChessBase"]
[SourceDate "1998.03.09"]
[SourceVersion "1"]
[SourceVersionDate "1998.03.09"]
[SourceQuality "1"]

1. d4 Nf6 2. c4 e6 3. Nc3 c5 4. d5 exd5 5. cxd5 d6 6. Nf3 g6 7. g3 Bg7 8. Bg2 0-0 9. 0-0 Re8 10. Nd2 a6 11. a4 Nbd7 12. h3 Rb8 13. Nc4 Nb6 14. Na3 Bd7 15. Re1 h5 16. Bf4 Nh7 17. a5 Nc8 18. Nc4 Bb5 19. Qb3 Bxc4 20. Qxc4 h4 21. g4 b5 22. axb6 Qxb6 23. Bc1 Qb4 24. Qxb4 cxb4 25. Nd1 Nb6 26. Rxa6 Nf6 27. Ne3 Nfd7 28. Ra5 Nc5 29. Rb5 b3 30. Bf1 Rb7 31. Rd1 Ra8 32. Bd2 Bd4 33. Rb1 Ra2 34. Nd1 Nba4 35. Rxb7 Nxb7 36. Bc1 Nbc5 37. e3 Bg7 38. f3 Nb6 39. e4 Nba4 40. Bb5 Bd4+ 41. Kf1 Kg7 42. Ke2 f5 43. exf5 gxf5 44. Bxa4 Rxa4 45. Bg5 Rc4 46. Ne3 Bxe3 47. Kxe3 fxg4 48. hxg4 h3 49. Bf4 Na4 50. Bxd6 Kf6 51. f4 Rc2 52. Be5+ Kf7 53. f5 Nb6 54. Kf3 Nc4 55. Bf4 Nd2+ 56. Bxd2 Rxd2 57. Ke3 Rg2 58. d6 h2 59. d7 Ke7 60. Rd1 Kd8 61. f6 h1Q 62. Rxh1 Kxd7 63. Kf3 Rxb2 64. Re1 Ra2 65. f7 Ra8 66. g5 b2 67. g6 b1Q 68. Rxb1 Ke7 69. Re1+ Kf8 70. Kf4 Kg7 1-0

[Event "Rishon Le Ziyyon 9798"]
[Site "Rishon Le Ziyyon"]
[Date "1997.12.26"]
[Round "2"]
[White "Uritzky, Maxim"]
[Black "Kaminik, Aleksandar"]
[Result "1-0"]
[WhiteElo "2450"]
[BlackElo "2245"]
[PlyCount "57"]
[EventDate "1997.12.25"]
[EventType "swiss"]
[EventRounds "9"]
[EventCountry "ISR"]
[SourceTitle "CBM 062 Extra"]
[Source "ChessBase"]
[SourceDate "1998.03.09"]
[SourceVersion "1"]
[SourceVersionDate "1998.03.09"]
[SourceQuality "1"]

1. e4 e6 2. d4 d5 3. Bd3 Nc6 4. c3 e5 5. Nf3 exd4 6. exd5 Qxd5 7. 0-0 Bg4 8. Re1+ Be7 9. Be4 Qa5 10. h3 Bh5 11. Bxc6+ bxc6 12. Qxd4 Bxf3 13. gxf3 Kf8 14. Nd2 h5 15. Nc4 Qf5 16. Qe4 Qxh3 17. Qxc6 Re8 18. Ne5 Rd8 19. Qxc7 Qf5 20. Bf4 f6 21. Nc6 Rd7 22. Qc8+ Kf7 23. Nxe7 Nxe7 24. Rxe7+ Kxe7 25. Re1+ Kf7 26. Qxh8 Qg6+ 27. Kh2 Re7 28. Rxe7+ Kxe7 29. Qb8 1-0

[Event "Israel"]
[Site "Israel"]
[Date "1997.??.??"]
[Round "?"]
[White "Uritzky, Maxim"]
[Black "Golod, Vitali"]
[Result "0-1"]
[WhiteElo "2460"]
[BlackElo "2515"]
[PlyCount "74"]
[EventDate "1997.??.??"]
[EventType "game"]
[EventRounds "1"]
[EventCountry "ISR"]
[SourceTitle "EXT 2010"]
[Source "ChessBase"]
[SourceDate "2010.11.25"]
[SourceVersion "1"]
[SourceVersionDate "2010.11.25"]
[SourceQuality "1"]

1. e4 c5 2. Nc3 Nc6 3. g3 g6 4. Bg2 Bg7 5. d3 Rb8 6. Be3 b5 7. Qd2 b4 8. Nd1 d6 9. Ne2 e5 10. 0-0 Nd4 11. Nc1 Ne7 12. c3 bxc3 13. bxc3 Ne6 14. f4 exf4 15. gxf4 f5 16. Ne2 0-0 17. Ng3 d5 18. exf5 Nxf5 19. Nxf5 Rxf5 20. d4 Qa5 21. dxc5 d4 22. Bf2 Nxf4 23. Bxd4 Bxd4+ 24. Kh1 Be5 25. Ne3 Qxc3 26. Qxc3 Bxc3 27. Nxf5 Bxf5 28. Rac1 Bb2 29. Rce1 Nxg2 30. Kxg2 Ba3 31. c6 Rc8 32. Rf3 Bf8 33. Rb3 Rxc6 34. Rb8 Rc7 35. Re5 Kg7 36. Ra5 Bc5 37. Kg3 Bd6+ 0-1

[Event "ISR-chT"]
[Site "Israel"]
[Date "1996.??.??"]
[Round "6"]
[White "Gruenfeld, Yehuda"]
[Black "Uritzky, Maxim"]
[Result "1-0"]
[WhiteElo "2520"]
[BlackElo "2430"]
[PlyCount "69"]
[EventDate "1996.??.??"]
[EventType "team"]
[EventRounds "11"]
[EventCountry "ISR"]
[SourceTitle "CBM 052 Extra"]
[Source "ChessBase"]
[SourceDate "1996.07.01"]
[SourceVersion "1"]
[SourceVersionDate "1996.07.01"]
[SourceQuality "1"]

1. e4 c5 2. Nf3 d6 3. d4 cxd4 4. Nxd4 Nf6 5. Nc3 e5 6. Bb5+ Nbd7 7. Nf5 a6 8. Bxd7+ Qxd7 9. Bg5 Nxe4 10. Nxg7+ Bxg7 11. Nxe4 0-0 12. Qxd6 f6 13. Qxd7 Bxd7 14. Bd2 Bf5 15. f3 Bg6 16. 0-0-0 Rfc8 17. Bc3 b5 18. Rhe1 a5 19. Re2 b4 20. Be1 f5 21. Ng3 Rc4 22. b3 Rc6 23. Kb1 e4 24. f4 Bh6 25. Rd5 Bf7 26. Rxf5 a4 27. Bxb4 axb3 28. axb3 Bg7 29. Ra5 Rxa5 30. Bxa5 Ra6 31. b4 Rd6 32. Kc1 Bh6 33. Rxe4 Bg6 34. Rc4 Bf7 35. Rc8+ 1-0

[Event "ISR-ch"]
[Site "Jerusalem"]
[Date "1996.??.??"]
[Round "5"]
[White "Mikhalevski, Alexander"]
[Black "Uritzky, Maxim"]
[Result "1/2-1/2"]
[WhiteElo "2460"]
[BlackElo "2420"]
[PlyCount "108"]
[EventDate "1996.10.26"]
[EventType "swiss"]
[EventRounds "9"]
[EventCountry "ISR"]
[SourceTitle "CBM 056"]
[Source "ChessBase"]
[SourceDate "1997.02.01"]
[SourceVersion "1"]
[SourceVersionDate "1997.02.01"]
[SourceQuality "1"]

1. d4 Nf6 2. c4 e6 3. Nf3 c5 4. d5 exd5 5. cxd5 Bd6 6. Nc3 Bc7 7. e4 d6 8. Bg5 h6 9. Bh4 0-0 10. Be2 Re8 11. Nd2 Nbd7 12. 0-0 Nf8 13. f4 Ba5 14. Bf3 Ng6 15. Bg3 a6 16. a4 Rb8 17. Re1 b5 18. axb5 axb5 19. e5 Bxc3 20. bxc3 dxe5 21. fxe5 Nxd5 22. Ne4 Be6 23. c4 bxc4 24. Nd6 Nb4 25. Nxe8 Qxe8 26. Be4 Rd8 27. Qf3 Nd3 28. Red1 Qd7 29. Qe3 Qd4 30. Qxd4 Rxd4 31. Bxd3 cxd3 32. Bf2 Rd5 33. Rac1 Nxe5 34. Rxc5 Rxc5 35. Bxc5 Bb3 36. Rd2 Bc2 37. Bb4 f5 38. Bc3 Nc4 39. Rf2 g5 40. h4 gxh4 41. Rf4 Nd6 42. Bb4 Kf7 43. Bd2 Ke6 44. Kf2 Ne4+ 45. Ke3 Ng3 46. Kf2 Ne4+ 47. Ke1 Kf7 48. Rxf5+ Kg6 49. Rf4 Nxd2 50. Kxd2 Kg5 51. Rd4 Bb1 52. Rd6 Bc2 53. Ke3 Kg4 54. Kf2 Kg5 1/2-1/2

[Event "ISR-chT"]
[Site "Israel"]
[Date "1996.??.??"]
[Round "2"]
[White "Sutovsky, Emil"]
[Black "Uritzky, Maxim"]
[Result "1-0"]
[WhiteElo "2545"]
[BlackElo "2430"]
[PlyCount "105"]
[EventDate "1996.??.??"]
[EventType "team"]
[EventRounds "11"]
[EventCountry "ISR"]
[SourceTitle "CBM 052 Extra"]
[Source "ChessBase"]
[SourceDate "1996.07.01"]
[SourceVersion "1"]
[SourceVersionDate "1996.07.01"]
[SourceQuality "1"]

1. e4 c5 2. Nf3 d6 3. d4 cxd4 4. Nxd4 Nf6 5. Nc3 e5 6. Bb5+ Nbd7 7. Nf5 a6 8. Bxd7+ Qxd7 9. Bg5 Nxe4 10. Nxg7+ Bxg7 11. Nxe4 0-0 12. Qxd6 f6 13. Qxd7 Bxd7 14. Bd2 Bc6 15. Nd6 Rfd8 16. Nf5 Rd7 17. f3 Kf7 18. 0-0-0 Ke6 19. Ng3 Rad8 20. Be3 Rxd1+ 21. Rxd1 Rxd1+ 22. Kxd1 f5 23. Ne2 f4 24. Bb6 Kf5 25. b3 h5 26. Nc3 Bf8 27. Ke2 Bb4 28. Nd1 e4 29. Nf2 e3 30. Nd3 Bd6 31. c4 Be8 32. Bd8 Bc6 33. Bh4 Be8 34. g3 Bc6 35. Nxf4 Bxf4 36. gxf4 Kxf4 37. Bg3+ Kg5 38. Kxe3 h4 39. Bc7 h3 40. f4+ Kf5 41. Kd4 Bd7 42. Kc5 Kg4 43. Kd4 Bf5 44. b4 Kf3 45. Ke5 Bd3 46. c5 Bb1 47. a4 Kg2 48. f5 Kxh2 49. Ke6+ Kg2 50. b5 axb5 51. axb5 Kf3 52. c6 b6 53. f6 1-0

[Event "Tel Aviv ASA"]
[Site "Tel Aviv"]
[Date "1996.??.??"]
[Round "4"]
[White "Uritzky, Maxim"]
[Black "Botvinnik, Ilia"]
[Result "1/2-1/2"]
[WhiteElo "2420"]
[BlackElo "2350"]
[PlyCount "49"]
[EventDate "1996.08.??"]
[EventType "tourn"]
[EventRounds "9"]
[EventCountry "ISR"]
[EventCategory "8"]
[SourceTitle "CBM 055 Extra"]
[Source "ChessBase"]
[SourceDate "1997.01.01"]
[SourceVersion "1"]
[SourceVersionDate "1997.01.01"]
[SourceQuality "1"]

1. e4 e6 2. d4 d5 3. Bd3 Nc6 4. c3 dxe4 5. Bxe4 Nf6 6. Bg5 Be7 7. Bxf6 Bxf6 8. Nf3 0-0 9. 0-0 Ne7 10. a4 Rb8 11. Nbd2 b6 12. a5 c5 13. axb6 axb6 14. Bb1 Bb7 15. Ne4 Bxe4 16. Bxe4 cxd4 17. cxd4 Qd6 18. Qe2 g6 19. Rfd1 Rfd8 20. g3 Qb4 21. Ra7 Rbc8 22. Rb7 Rb8 23. Ra7 Rbc8 24. Rb7 Rb8 25. Ra7 1/2-1/2

[Event "ISR-chT"]
[Site "Israel"]
[Date "1996.??.??"]
[Round "3"]
[White "Uritzky, Maxim"]
[Black "Soffer, Ram"]
[Result "0-1"]
[WhiteElo "2430"]
[BlackElo "2530"]
[PlyCount "78"]
[EventDate "1996.??.??"]
[EventType "team"]
[EventRounds "11"]
[EventCountry "ISR"]
[SourceTitle "CBM 052 Extra"]
[Source "ChessBase"]
[SourceDate "1996.07.01"]
[SourceVersion "1"]
[SourceVersionDate "1996.07.01"]
[SourceQuality "1"]

1. e4 c5 2. Nc3 Nc6 3. g3 g6 4. Bg2 Bg7 5. d3 d6 6. Be3 e5 7. Nh3 h5 8. 0-0 Nge7 9. f4 Bg4 10. Qd2 h4 11. Qf2 Qd7 12. Ng5 f6 13. Nf3 hxg3 14. Qxg3 Nd4 15. Bxd4 cxd4 16. Ne2 0-0-0 17. c3 dxc3 18. Nxc3 Kb8 19. Ne2 Bh3 20. fxe5 dxe5 21. d4 Bxg2 22. Kxg2 Ka8 23. dxe5 f5 24. Nc3 fxe4 25. Nxe4 Nf5 26. Qf2 Nh4+ 27. Nxh4 Qg4+ 28. Qg3 Qxe4+ 29. Nf3 Rd2+ 30. Rf2 Rxf2+ 31. Kxf2 Qc2+ 32. Kg1 Qxb2 33. Re1 Bf8 34. Qg2 Bc5+ 35. Kh1 Qc3 36. e6 Re8 37. Qg4 a6 38. Qe4 Rxe6 39. Ne5 Rxe5 0-1

[Event "ISR-ch"]
[Site "Jerusalem"]
[Date "1996.??.??"]
[Round "6"]
[White "Uritzky, Maxim"]
[Black "Tyomkin, Dimitri"]
[Result "1-0"]
[WhiteElo "2420"]
[BlackElo "2430"]
[PlyCount "93"]
[EventDate "1996.10.26"]
[EventType "swiss"]
[EventRounds "9"]
[EventCountry "ISR"]
[SourceTitle "CBM 056"]
[Source "ChessBase"]
[SourceDate "1997.02.01"]
[SourceVersion "1"]
[SourceVersionDate "1997.02.01"]
[SourceQuality "1"]

1. e4 c5 2. Nc3 Nc6 3. g3 g6 4. Bg2 Bg7 5. d3 Rb8 6. Be3 d6 7. Qd2 b5 8. Nge2 b4 9. Nd1 e5 10. 0-0 Nge7 11. f4 exf4 12. Bxf4 0-0 13. Bh6 Nd4 14. Bxg7 Nxe2+ 15. Qxe2 Kxg7 16. Ne3 f6 17. a3 b3 18. c3 Be6 19. Rad1 h5 20. Rd2 Qd7 21. Qd1 Nc6 22. d4 cxd4 23. cxd4 Bg4 24. Nxg4 hxg4 25. Rd3 Na5 26. Rc3 Rbc8 27. Qd3 Rc7 28. Rfc1 Rfc8 29. Bf1 Rxc3 30. Rxc3 Qb7 31. h4 Rxc3 32. Qxc3 Nc6 33. Kf2 Qb6 34. Ke3 a5 35. Bc4 a4 36. Be6 f5 37. exf5 Kf6 38. Bd7 Ne7 39. Qc4 d5 40. Qc5 Qb8 41. Kf2 gxf5 42. Kg2 Kf7 43. h5 f4 44. Qc1 fxg3 45. Qh6 Ng8 46. Qe6+ Kf8 47. h6 1-0

[Event "ISR-ch"]
[Site "Tel Aviv"]
[Date "1994.??.??"]
[Round "4"]
[White "Finkel, Alexander"]
[Black "Uritzky, Maxim"]
[Result "0-1"]
[WhiteElo "2465"]
[BlackElo "2365"]
[PlyCount "64"]
[EventDate "1994.10.??"]
[EventType "swiss"]
[EventRounds "11"]
[EventCountry "ISR"]
[SourceTitle "EXT 1997"]
[Source "ChessBase"]
[SourceDate "1996.11.15"]
[SourceVersion "1"]
[SourceVersionDate "1996.11.15"]
[SourceQuality "1"]

1. e4 c5 2. c3 d5 3. exd5 Qxd5 4. d4 e5 5. dxe5 Qxe5+ 6. Be3 Nf6 7. Nf3 Qc7 8. Na3 a6 9. Qa4+ Bd7 10. Nb5 Qb6 11. c4 Ra7 12. Qb3 axb5 13. cxb5 Be6 14. Bc4 Bxc4 15. Qxc4 Qe6 16. Qxe6+ fxe6 17. 0-0 Nd5 18. Rfe1 Be7 19. Bd2 0-0 20. Rxe6 Bf6 21. Ne5 Ra4 22. Re1 Nc7 23. Rb6 Bxe5 24. Rxe5 Nd7 25. Rxb7 Nxe5 26. Rxc7 Rd4 27. Be1 Rd1 28. Kf1 Re8 29. Ke2 Rd7 30. Rxd7 Nxd7+ 31. Kd1 Rb8 32. a4 c4 0-1

[Event "ISR-ch"]
[Site "Tel Aviv"]
[Date "1994.??.??"]
[Round "6"]
[White "Liss, Eran"]
[Black "Uritzky, Maxim"]
[Result "0-1"]
[WhiteElo "2480"]
[BlackElo "2365"]
[PlyCount "58"]
[EventDate "1994.10.??"]
[EventType "swiss"]
[EventRounds "11"]
[EventCountry "ISR"]
[SourceTitle "EXT 1997"]
[Source "ChessBase"]
[SourceDate "1996.11.15"]
[SourceVersion "1"]
[SourceVersionDate "1996.11.15"]
[SourceQuality "1"]

1. e4 c5 2. Nf3 d6 3. d4 cxd4 4. Nxd4 Nf6 5. Nc3 e5 6. Bb5+ Nbd7 7. Nf5 a6 8. Bxd7+ Qxd7 9. Bg5 Nxe4 10. Nxg7+ Bxg7 11. Nxe4 0-0 12. Nf6+ Bxf6 13. Bxf6 Qf5 14. Qxd6 Qe4+ 15. Kf1 Bh3 16. Rg1 Be6 17. b3 Qxc2 18. Rd1 Rac8 19. g4 Rfe8 20. Rg3 Qxa2 21. Kg1 Qc2 22. Re1 Bxb3 23. Bxe5 Re6 24. Qb4 Bd5 25. Qd4 Qc4 26. Qd2 Rce8 27. Rc3 Qb5 28. Rce3 Bc6 29. g5 Rxe5 0-1

[Event "Israel"]
[Site "Israel"]
[Date "1994.??.??"]
[Round "?"]
[White "Milov, Vadim"]
[Black "Uritzky, Maxim"]
[Result "1-0"]
[WhiteElo "2585"]
[BlackElo "2365"]
[PlyCount "79"]
[EventDate "1994.??.??"]
[EventType "game"]
[EventRounds "1"]
[EventCountry "ISR"]
[SourceTitle "EXT 2010"]
[Source "ChessBase"]
[SourceDate "2010.11.25"]
[SourceVersion "1"]
[SourceVersionDate "2010.11.25"]
[SourceQuality "1"]

1. d4 Nf6 2. c4 c5 3. d5 e6 4. Nc3 exd5 5. cxd5 d6 6. e4 g6 7. f4 Bg7 8. Bb5+ Nfd7 9. Nf3 0-0 10. 0-0 a6 11. Bd3 b5 12. Kh1 b4 13. Na4 Nb6 14. Nxb6 Qxb6 15. Nd2 Qd8 16. Nc4 a5 17. e5 dxe5 18. fxe5 Ba6 19. d6 Nd7 20. Bf4 Bxc4 21. Bxc4 Bxe5 22. Qd2 Kh8 23. Rae1 f6 24. Bh6 Nb6 25. Bb5 Bxd6 26. Bxf8 Bxf8 27. Qxd8 Rxd8 28. Rxf6 Nd5 29. Rd1 Nxf6 30. Rxd8 Kg7 31. Ra8 Bd6 32. Ra7+ Kh6 33. Rxa5 Be5 34. Bc6 Bd4 35. a4 Ng4 36. g3 Nf2+ 37. Kg2 Nd3 38. b3 Kg5 39. Rb5 Kf6 40. a5 1-0

[Event "ISR-ch"]
[Site "Tel Aviv"]
[Date "1994.??.??"]
[Round "1"]
[White "Uritzky, Maxim"]
[Black "Gruenfeld, Yehuda"]
[Result "1-0"]
[WhiteElo "2365"]
[BlackElo "2550"]
[PlyCount "63"]
[EventDate "1994.10.??"]
[EventType "swiss"]
[EventRounds "11"]
[EventCountry "ISR"]
[SourceTitle "EXT 1997"]
[Source "ChessBase"]
[SourceDate "1996.11.15"]
[SourceVersion "1"]
[SourceVersionDate "1996.11.15"]
[SourceQuality "1"]

1. e4 c5 2. Nc3 Nc6 3. g3 g6 4. Bg2 Bg7 5. d3 d6 6. Be3 e6 7. Qd2 Qb6 8. Nd1 Nge7 9. Bh6 Bxh6 10. Qxh6 c4 11. dxc4 Qb4+ 12. Qd2 Qxc4 13. Ne2 Qc5 14. Ne3 0-0 15. 0-0 b6 16. c3 a5 17. Nd4 Ba6 18. Rfd1 Rad8 19. Ng4 Ne5 20. b4 Qc7 21. Nf6+ Kg7 22. Qg5 Ng8 23. Nxg8 Rxg8 24. f4 Nd3 25. f5 h6 26. Qh4 Qxc3 27. e5 dxe5 28. Nxe6+ fxe6 29. Qe7+ Kh8 30. Qf6+ Kh7 31. fxg6+ Rxg6 32. Qe7+ 1-0